Country Name Etymologies Click Quiz: S - Statistics

General Stats
  • This quiz has been taken 104 times
  • The average score is 20 of 26
Answer Stats
Hint Extra Hint Answer % Correct
Named for Saint Lucy Latin Saint Lucia
94%
Named for the Senegal river Berber Senegal
94%
Named for Saint Christopher and snow English / Spanish Saint Kitts and Nevis
93%
Named for Saint Vincent and the Spanish city Granada English / Spanish Saint Vincent and the Grenadines
93%
Named for Saint Marinus Italian San Marino
93%
Named for its founder Abdulaziz bin Saud Arabic Saudi Arabia
93%
Named for Jean Moreau de Séchelles French Seychelles
93%
Named for the Biblical King Solomon Spanish Solomon Islands
93%
Land of the Somali Somali Somalia
93%
Named for Saint Thomas and the prince of Portugal Portuguese São Tomé and Príncipe
91%
Named for the Surinen people Lokono Suriname
90%
Lion mountains Portuguese Sierra Leone
88%
Named for Assyria in northern Mesopotamia Ancient Greek Syria
88%
Holy center Samoan Samoa
84%
Holy island Sanskrit Sri Lanka
82%
Land of the Slavs Slovene Slovenia
75%
Named for the Slavs Old Church Slovanic Slovakia
73%
Lion city Sanskrit Singapore
70%
Land of the Black people Arabic Sudan
69%
Southern land of the Black people Arabic South Sudan
67%
People of one's own kin Old English / Old Norse Sweden
67%
Walled city Chinese South Korea
66%
Alliance Proto-Slavic Serbia
63%
To burn Old High German Switzerland
51%
Island of Hyraxes Punic Spain
33%
Motherland / without cold Egyptian / Greek South Africa
22%
No matching quizzes found
Score Distribution
Percent of People with Each Score
Percentile by Number Answered
Your Score History
You have not taken this quiz